[Event "AUTO-ADV-4014"]
[Site "http://www.queenalice.com/game.php?id=1526804"]
[Date "2018.5.10"]
[Round "1"]
[White "NIBIRO"]
[Black "Armand"]
[Result "1-0"]
[WhiteElo "1914"]
[BlackElo "1766"]

1. d4 d5 2. c4 e6 3. Nc3 Be7 4. e3 Nf6 5. Nf3 O-O 6. cxd5 exd5 7. Bd3 c6 8. O-O
Bg4 9. Be2 Nbd7 10. h3 Bxf3 11. Bxf3 h6 12. e4 dxe4 13. Nxe4 Nxe4 14. Bxe4 Nf6
15. Bf3 Qb6 16. b3 Rad8 17. Qe2 Rfe8 18. Be3 Qc7 19. Rfd1 Bd6 20. Qc2 Qb8 21. a3
Bc7 22. Rac1 Nd5 23. Re1 Nxe3 24. fxe3 Bh2+ 25. Kh1 1-0

[Event "AUTO-OPEN-3931"]
[Site "http://www.queenalice.com/game.php?id=1526964"]
[Date "2018.5.11"]
[Round "1"]
[White "fabricioprado"]
[Black "Armand"]
[Result "1-0"]
[WhiteElo "1830"]
[BlackElo "1538"]

1. d4 d5 2. c4 e6 3. Nc3 c6 4. Nf3 Be7 5. Bf4 Nf6 6. e3 O-O 7. Be2 Nbd7 8. O-O
a6 9. c5 b6 10. b4 b5 11. a4 Bb7 12. a5 Re8 13. h3 Ne4 14. Nxe4 dxe4 15. Nd2 f5
16. Qc2 1-0

[Event "AUTO-OPEN-3931"]
[Site "http://www.queenalice.com/game.php?id=1526965"]
[Date "2018.5.11"]
[Round "1"]
[White "Armand"]
[Black "fabricioprado"]
[Result "0-1"]
[WhiteElo "1530"]
[BlackElo "1838"]

1. Nf3 d5 2. d4 Nf6 3. e3 Bf5 4. c4 c6 5. cxd5 cxd5 6. Be2 e6 7. O-O Be7 8. b3
Nbd7 9. Bb5 O-O 10. Ba3 a6 11. Bxe7 Qxe7 12. Bd3 Rac8 13. Bxf5 exf5 14. Nbd2 Nb6
15. Ne5 Ne4 16. Nxe4 fxe4 0-1

[Event "AUTO-OPEN-3931"]
[Site "http://www.queenalice.com/game.php?id=1526986"]
[Date "2018.5.11"]
[Round "1"]
[White "clovis"]
[Black "Armand"]
[Result "1-0"]
[WhiteElo "2012"]
[BlackElo "1568"]

1. e4 e6 2. d4 d5 3. exd5 exd5 4. Nf3 Be7 5. Bd3 Nf6 6. O-O O-O 7. Ne5 c6 8. Bg5
h6 9. Bh4 Nbd7 10. Qf3 Nxe5 11. dxe5 Nh7 12. Bxe7 1-0

[Event "AUTO-OPEN-3931"]
[Site "http://www.queenalice.com/game.php?id=1526987"]
[Date "2018.5.11"]
[Round "1"]
[White "Armand"]
[Black "clovis"]
[Result "0-1"]
[WhiteElo "1566"]
[BlackElo "2014"]

1. Nf3 d5 2. d4 Nf6 3. e3 Bf5 4. c4 e6 5. cxd5 exd5 6. Be2 Bd6 7. O-O O-O 8. a3
Nbd7 9. Nc3 c6 10. b4 Ne4 11. Bb2 Qf6 0-1

[Event "AUTO-ADV-4015"]
[Site "http://www.queenalice.com/game.php?id=1527061"]
[Date "2018.5.12"]
[Round "1"]
[White "Regina1962"]
[Black "Armand"]
[Result "1-0"]
[WhiteElo "1850"]
[BlackElo "1486"]

1. d4 d5 2. c4 e6 3. Nf3 Nf6 4. Bg5 Be7 5. Nc3 c6 6. e3 O-O 7. Bd3 Nbd7 8. O-O
a6 9. Qc2 g6 10. Ne5 Nh5 11. Bh6 Re8 12. Nxg6 fxg6 13. Bxg6 Ndf6 14. g4 1-0

[Event "AUTO-ADV-4015"]
[Site "http://www.queenalice.com/game.php?id=1527062"]
[Date "2018.5.12"]
[Round "1"]
[White "Armand"]
[Black "Regina1962"]
[Result "0-1"]
[WhiteElo "1484"]
[BlackElo "1852"]

1. Nf3 Nf6 2. d4 c6 3. e3 g6 4. c4 d5 5. cxd5 cxd5 6. Be2 Bg7 7. O-O O-O 8. a3
Nc6 9. Nc3 a6 10. b4 Bg4 11. Bb2 Rc8 12. Rc1 Qd7 13. Na4 b5 14. Nc5 Qa7 0-1

[Event "AUTO-ADV-4015"]
[Site "http://www.queenalice.com/game.php?id=1527075"]
[Date "2018.5.12"]
[Round "1"]
[White "fabricioprado"]
[Black "Armand"]
[Result "1-0"]
[WhiteElo "1825"]
[BlackElo "1543"]

1. d4 d5 2. c4 e6 3. Nf3 Be7 4. Bf4 c6 5. e3 Nf6 6. Be2 O-O 7. O-O Nbd7 8. Nc3
b6 9. a3 Bb7 10. b4 dxc4 11. Bxc4 b5 12. Bb3 a6 13. h3 Nd5 14. Bxd5 cxd5 15. Rc1
1-0

[Event "AUTO-ADV-4015"]
[Site "http://www.queenalice.com/game.php?id=1527076"]
[Date "2018.5.12"]
[Round "1"]
[White "Armand"]
[Black "fabricioprado"]
[Result "0-1"]
[WhiteElo "1534"]
[BlackElo "1834"]

1. Nf3 d5 2. d4 Nf6 3. e3 e6 4. c4 c6 5. cxd5 cxd5 6. Bd2 Be7 7. Be2 O-O 8. O-O
Nbd7 9. Nc3 a6 10. a3 b5 11. b4 Bb7 12. Rc1 Rc8 13. Nb1 Ne4 14. Rxc8 Qxc8 0-1

[Event "AUTO-ADV-4016"]
[Site "http://www.queenalice.com/game.php?id=1527266"]
[Date "2018.5.15"]
[Round "1"]
[White "NIBIRO"]
[Black "Armand"]
[Result "1-0"]
[WhiteElo "1903"]
[BlackElo "1781"]

1. e4 e6 2. d4 d5 3. exd5 exd5 4. Nf3 Be7 5. Bd3 Nf6 6. O-O O-O 7. c3 Bg4 8. Bg5
h6 9. Bxf6 Bxf6 10. Nbd2 c6 11. h3 Bxf3 12. Qxf3 Nd7 13. Rfe1 Re8 14. Re3 Rxe3
15. fxe3 Qf8 16. Re1 1-0

[Event "AUTO-ADV-4016"]
[Site "http://www.queenalice.com/game.php?id=1527267"]
[Date "2018.5.15"]
[Round "1"]
[White "Armand"]
[Black "NIBIRO"]
[Result "0-1"]
[WhiteElo "1743"]
[BlackElo "1933"]

1. Nf3 d5 2. d4 Nf6 3. h3 e6 4. e3 Bd6 5. c4 c5 6. cxd5 exd5 7. a3 O-O 8. dxc5
Bxc5 9. Be2 Nc6 10. O-O Be6 11. b4 Bd6 12. Bb2 Rc8 13. Nc3 h6 14. Rc1 a6 15. Nd4
Nxd4 16. exd4 Nh7 17. Na4 Qg5 0-1

[Event "AUTO-ADV-4016"]
[Site "http://www.queenalice.com/game.php?id=1527280"]
[Date "2018.5.15"]
[Round "1"]
[White "otavio01"]
[Black "Armand"]
[Result "1-0"]
[WhiteElo "1695"]
[BlackElo "1834"]

1. e4 e6 2. Nf3 d5 3. e5 c5 4. Bb5+ Bd7 5. Qe2 Bxb5 6. Qxb5+ Qd7 7. Nc3 a6 8.
Qxd7+ Nxd7 9. d3 d4 10. Ne4 b6 11. O-O Ne7 12. Nd6+ Kd8 13. Nxf7+ Ke8 14. Nxh8
Nc6 15. a3 1-0

[Event "AUTO-ADV-4016"]
[Site "http://www.queenalice.com/game.php?id=1527281"]
[Date "2018.5.15"]
[Round "1"]
[White "Armand"]
[Black "otavio01"]
[Result "0-1"]
[WhiteElo "1564"]
[BlackElo "1734"]

1. Nf3 d6 2. d4 d5 3. e3 a6 4. c4 e6 5. cxd5 exd5 6. Be2 Nf6 7. O-O Nc6 8. b3
Bb4 9. Ba3 Bf5 10. Bxb4 Nxb4 11. Na3 Ne4 12. Nb1 Nxf2 13. Rxf2 Nc2 14. Bd3 Bxd3
15. Qxd3 Nxa1 16. Qc3 Nxb3 17. Qxb3 b5 0-1

[Event "AUTO-ADV-4016"]
[Site "http://www.queenalice.com/game.php?id=1527290"]
[Date "2018.5.15"]
[Round "1"]
[White "Armand"]
[Black "byyonico"]
[Result "0-1"]
[WhiteElo "1658"]
[BlackElo "1681"]

1. Nf3 d5 2. d4 Bg4 3. e3 Nf6 4. Be2 e6 5. O-O Bd6 6. a3 O-O 7. Nbd2 Nc6 8. c4
Ne4 9. cxd5 exd5 10. Nxe4 dxe4 11. Nd2 Bxe2 12. Qxe2 Qh4 13. g3 Qh3 0-1

[Event "AUTO-ADV-4016"]
[Site "http://www.queenalice.com/game.php?id=1527291"]
[Date "2018.5.15"]
[Round "1"]
[White "byyonico"]
[Black "Armand"]
[Result "1-0"]
[WhiteElo "1665"]
[BlackElo "1674"]

1. d4 d5 2. c4 e6 3. a3 Nf6 4. Nc3 c5 5. Bf4 cxd4 6. Qxd4 Nc6 7. Qd3 Be7 8. Nf3
O-O 9. Qc2 d4 10. Nb5 Qa5+ 11. Bd2 Bb4 12. Bxb4 Nxb4 13. Qc1 1-0

[Event "AUTO-OPEN-3932"]
[Site "http://www.queenalice.com/game.php?id=1527320"]
[Date "2018.5.15"]
[Round "1"]
[White "Parma"]
[Black "Armand"]
[Result "1-0"]
[WhiteElo "1892"]
[BlackElo "1586"]

1. d4 d5 2. c4 e6 3. Nf3 Nf6 4. e3 c5 5. Nc3 cxd4 6. Nxd4 a6 7. Be2 dxc4 8. Bxc4
b5 9. Bb3 Be7 10. O-O Bb7 11. Bd2 O-O 12. a3 1-0

[Event "AUTO-OPEN-3932"]
[Site "http://www.queenalice.com/game.php?id=1527321"]
[Date "2018.5.15"]
[Round "1"]
[White "Armand"]
[Black "Parma"]
[Result "0-1"]
[WhiteElo "1590"]
[BlackElo "1888"]

1. Nf3 d5 2. d4 e6 3. e3 c5 4. c4 Nf6 5. cxd5 Nxd5 6. a3 cxd4 7. Nxd4 Be7 8. Be2
O-O 9. O-O a6 10. Bd2 b5 11. b4 Bb7 12. Bf3 Nd7 0-1

[Event "AUTO-OPEN-3932"]
[Site "http://www.queenalice.com/game.php?id=1527342"]
[Date "2018.5.15"]
[Round "1"]
[White "Armand"]
[Black "hercolubus"]
[Result "0-1"]
[WhiteElo "1717"]
[BlackElo "1776"]

1. Nf3 d5 2. d4 Nf6 3. e3 g6 4. c4 e6 5. cxd5 exd5 6. Be2 Bg7 7. O-O O-O 8. Bd2
Nbd7 9. Nc3 c6 10. b4 Ne4 11. a3 Nxd2 12. Nxd2 Nf6 13. Rc1 Re8 14. Nf3 h6 15. h3
a6 16. Na4 Ne4 0-1

[Event "AUTO-OPEN-3932"]
[Site "http://www.queenalice.com/game.php?id=1527343"]
[Date "2018.5.15"]
[Round "1"]
[White "hercolubus"]
[Black "Armand"]
[Result "1-0"]
[WhiteElo "1761"]
[BlackElo "1733"]

1. e4 e6 2. Nf3 d5 3. exd5 exd5 4. d4 Nf6 5. Bd3 Be7 6. O-O O-O 7. Re1 Re8 8.
Bg5 Bg4 9. Nbd2 c6 10. c3 Nbd7 11. Qc2 g6 12. h4 Nh5 13. Ne5 Bxg5 14. hxg5 Nxe5
15. dxe5 Qxg5 16. Nf1 1-0

[Event "AUTO-OPEN-3932"]
[Site "http://www.queenalice.com/game.php?id=1527344"]
[Date "2018.5.15"]
[Round "1"]
[White "Armand"]
[Black "Guilhermerocha"]
[Result "0-1"]
[WhiteElo "1498"]
[BlackElo "1740"]

1. Nf3 d5 2. d4 Bg4 3. e3 c5 4. Be2 Nc6 5. O-O Qd7 6. a3 Nf6 7. Bd2 Ne4 8. c4
Nxd2 9. Nbxd2 e6 10. cxd5 Qxd5 11. Bc4 Qh5 12. Be2 Bd6 13. h3 Bxh3 14. Ne1 Qg5
15. g3 Bxg3 0-1

[Event "AUTO-OPEN-3932"]
[Site "http://www.queenalice.com/game.php?id=1527345"]
[Date "2018.5.15"]
[Round "1"]
[White "Guilhermerocha"]
[Black "Armand"]
[Result "1-0"]
[WhiteElo "1746"]
[BlackElo "1492"]

1. e4 e6 2. d4 d5 3. exd5 exd5 4. c4 Nf6 5. Bg5 c6 6. cxd5 cxd5 7. Bb5+ Bd7 8.
Bxd7+ Nbxd7 9. Qb3 Nb6 10. Nc3 Be7 11. Rd1 O-O 12. h4 Re8 13. Nge2 h6 14. Bxh6
gxh6 15. Rh3 Ng4 16. Rg3 1-0